Statistics for They Shoot Pictures, Don't They? - films 561 to 580

Click here to take the quiz!

General Stats

  • This quiz has been taken 23 times
  • The average score is 9 of 20

Answer Stats

Answer% Correct
Forrest Gump
94%
WALL-E
94%
Seven
89%
The Sound of Music
89%
Easy Rider
83%
Butch Cassidy and the Sundance Kid
67%
Crouching Tiger, Hidden Dragon
44%
A Night at the Opera
39%
The French Connection
39%
Laura
33%
Young Mr. Lincoln
33%
Kagemusha
22%
Ninotchka
22%
The Silence
22%
Bigger than Life
17%
Shadow of a Doubt
17%
Tale of Tales
11%
That Obscure Object of Desire
11%
The Taking of Power by Louis XIV
11%
The Testament of Dr. Mabuse
11%

Score Distribution

Percentile by Number Answered

Percent of People with Each Score

Your Score History

You have not taken this quiz